[Event "37th Reykjavik op"]
[Site "Reykjavik ISL"]
[Date "2024.03.15"]
[Round "1.42"]
[White "Pollitt, Henry"]
[Black "Prado Serrano, Alexandra"]
[WhiteElo "1674"]
[BlackElo "1877"]
[Result "1/2-1/2"]
[EventDate "2024.03.15"]
[PlyCount "151"]

1. e4 {[%eval 13,0]} c5 {[%eval 33,0]} 2. c3 {[%eval 4,0]} Nf6 {[%eval 15,0]}
3. e5 {[%eval 0,0]} Nd5 {[%eval 11,0]} 4. Nf3 {[%eval 0,0]} d6 {[%eval 0,0]} 5.
exd6 {[%eval 12,0]} e6 {[%eval 0,0]} 6. d4 {[%eval 0,0]} cxd4 {[%eval 0,0]} 7.
cxd4 {[%eval 15,0]} Bxd6 {[%eval 4,0]} 8. Bd3 {[%eval 9,0]} h6 {[%eval 1,0]} 9.
Nc3 {[%eval 12,0]} Nxc3 {[%eval 44,0]} 10. bxc3 {[%eval 46,0]} Nd7 {[%eval 34,
0]} 11. O-O {[%eval 46,0]} O-O {[%eval 39,0]} 12. Be3 $6 {[%eval 25,0]
Inaccuracy. Qe2 was best.} (12. Qe2 Qc7 13. c4 b6 14. Qe4 Nf6 15. Qh4 Nh7 16.
Re1 Bb7 17. Bxh6 gxh6 18. Qxh6 f6) 12... b6 {[%eval 27,0]} 13. c4 {[%eval 26,0]
} Bb7 {[%eval 24,0]} 14. Nd2 {[%eval 25,0]} Qh4 {[%eval 26,0]} 15. g3 {[%eval
27,0]} Qh3 {[%eval 26,0]} 16. Be4 {[%eval 23,0]} Bxe4 {[%eval 29,0]} 17. Nxe4 {
[%eval 3,0]} Be7 {[%eval 32,0]} 18. f4 {[%eval 64,0]} Qf5 {[%eval 72,0]} 19.
Nf2 {[%eval -96,0]} Nf6 $6 {[%eval 4,0] Inaccuracy. Rac8 was best.} (19... Rac8
) 20. Qd3 $4 {[%eval -186,0] Blunder. g4 was best.} (20. g4) 20... Qh5 $2 {
[%eval 54,0] Mistake. Qxd3 was best.} (20... Qxd3 21. Nxd3 Ng4 22. Bc1 Rad8 23.
Bb2 Ne3 24. Rfc1 Nf5 25. Ne5 Nxd4 26. Kf1 Rfe8 27. Rd1) 21. Qd1 {[%eval 94,0]}
Qa5 {[%eval 51,0]} 22. Qe2 $6 {[%eval -93,0] Inaccuracy. Nd3 was best.} (22.
Nd3) 22... Rac8 {[%eval -99,0]} 23. Rac1 {[%eval -99,0]} Rfd8 {[%eval 83,0]}
24. Rfd1 $6 {[%eval -59,0] Inaccuracy. g4 was best.} (24. g4 Ba3) 24... Qf5 $6
{[%eval 37,0] Inaccuracy. Rc7 was best.} (24... Rc7 25. g4 Ba3 26. Rc2 Rdc8 27.
g5 Nd5 28. gxh6 Qa4 29. Rd3 Nb4 30. hxg7 Qxc2 31. Qh5) 25. Kg2 $6 {[%eval 95,0]
Inaccuracy. g4 was best.} (25. g4 Qg6) 25... h5 {[%eval 96,0]} 26. Qd3 {
[%eval -58,0]} Qa5 {[%eval -68,0]} 27. Rc2 $6 {[%eval -8,0] Inaccuracy. Qb3
was best.} (27. Qb3 Qa6 28. a4 Rc7 29. f5 Qb7+ 30. Kg1 exf5 31. d5 Qc8 32. Bf4
Rcd7 33. Qd3 Bc5) 27... Qa4 $6 {[%eval -75,0] Inaccuracy. b5 was best.} (27...
b5 28. c5 Rxc5 29. dxc5 Rxd3 30. Rxd3 Nd5 31. c6 Qa4 32. Rc1 Bd8 33. a3 Bc7 34.
Bd4) 28. Qb3 {[%eval -78,0]} Qc6+ {[%eval -79,0]} 29. Kg1 {[%eval -84,0]} Qf3 {
[%eval -93,0]} 30. Bc1 {[%eval 86,0]} Qc6 {[%eval 89,0]} 31. Be3 {[%eval -82,0]
} h4 {[%eval -86,0]} 32. Bc1 {[%eval -83,0]} b5 {[%eval 9,0]} 33. c5 {[%eval
-98,0]} Ne4 $6 {[%eval 39,0] Inaccuracy. a5 was best.} (33... a5) 34. Nxe4 $2 {
[%eval -46,0] Mistake. Qf3 was best.} (34. Qf3) 34... Qxe4 {[%eval -18,0]} 35.
Rcd2 $6 {[%eval -117,0] Inaccuracy. Kf2 was best.} (35. Kf2 h3 36. Re2 Qg2+ 37.
Ke3 Qc6 38. Bb2 a5 39. Kf2 a4 40. Qc2 Qd5 41. Ba3 f5) 35... h3 {[%eval -142,0]}
36. Qd3 $6 {[%eval -267,0] Inaccuracy. Bb2 was best.} (36. Bb2 Rxc5 37. Kf2 Rc7
38. Qxb5 Rdc8 39. Qe5 Qg2+ 40. Ke3 Qb7 41. Ba1 Rc1 42. Qe4 Qb5) 36... Qc6 $4 {
[%eval 59,0] Blunder. Rxd4 was best.} (36... Rxd4 37. Qxe4 Rxe4 38. Kf2 f5 39.
Kf3 Rxc5 40. g4 e5 41. gxf5 Rxf4+ 42. Kg3 Rxf5 43. Rd7) 37. Qe3 $4 {[%eval
-472,0] Blunder. Qf1 was best.} (37. Qf1 Qe4 38. Kf2 a5 39. Qh1 Qb1 40. Qf3 Bf6
41. Ba3 Qh7 42. Bb2 b4 43. Qd3 Qh6) 37... Bf6 $4 {[%eval 62,0] Blunder. Rxd4
was best.} (37... Rxd4 38. Ba3 b4 39. Qxd4 Bxc5 40. Bb2 Qe4 41. f5 Bxd4+ 42.
Bxd4 Rc2 43. Kf1 e5 44. Bxa7) 38. Bb2 {[%eval 66,0]} Qd5 {[%eval 67,0]} 39. Ba1
{[%eval 66,0]} Qh5 {[%eval 44,0]} 40. Kf2 {[%eval 5,0]} Rd5 $6 {[%eval 16,0]
Inaccuracy. b4 was best.} (40... b4 41. a3 a5 42. axb4 axb4 43. Bb2 Rd5 44. Qf3
Qh7 45. Rc1 g5 46. Ke3 Bg7 47. Qe4) 41. Qe2 {[%eval 21,0]} Qh6 {[%eval 22,0]}
42. Qxb5 {[%eval 25,0]} g5 {[%eval 32,0]} 43. Qb7 {[%eval 14,0]} Rdd8 $6 {
[%eval 59,0] Inaccuracy. Rcd8 was best.} (43... Rcd8 44. Ke3) 44. Qf3 {[%eval
28,0]} gxf4 {[%eval 72,0]} 45. gxf4 {[%eval 72,0]} Rd5 {[%eval 76,0]} 46. Bc3
$6 {[%eval 17,0] Inaccuracy. Rg1+ was best.} (46. Rg1+ Kf8) 46... Rf5 {[%eval
27,0]} 47. Rg1+ {[%eval 28,0]} Kh8 $2 {[%eval 198,0] Mistake. Kh7 was best.} (
47... Kh7 48. Ke1) 48. Rg4 $4 {[%eval 51,0] Blunder. Ke3 was best.} (48. Ke3
Kh7) 48... Rg8 {[%eval 6,0]} 49. Rxg8+ {[%eval 76,0]} Kxg8 {[%eval 66,0]} 50.
Qg3+ {[%eval 77,0]} Kh7 $6 {[%eval 0,0] Inaccuracy. Kf8 was best.} (50... Kf8)
51. Kg1 $4 {[%eval -277,0] Blunder. Ke2 was best.} (51. Ke2 Rxf4 52. Rd3 Qh5+
53. Kd2 Bh4 54. Qxh3 Qd5 55. Kc1 Qxa2 56. Rd2 Qa3+ 57. Kc2 Kh6) 51... Rxf4 $2 {
[%eval -95,0] Mistake. Bg5 was best.} (51... Bg5 52. fxg5 Rxg5 53. Rd3 Rxg3+
54. Rxg3 Qc1+ 55. Kf2 Qc2+ 56. Kg1 Qb1+ 57. Kf2 Qxa2+ 58. Kg1) 52. Rf2 $2 {
[%eval -102,0] Mistake. c6 was best.} (52. c6 Bh4) 52... Rxf2 {[%eval -269,0]}
53. Qxf2 {[%eval -261,0]} Qg6+ $4 {[%eval 57,0] Blunder. Qc1+ was best.} (53...
Qc1+ 54. Qf1 Qg5+ 55. Kf2 Qf4+ 56. Kg1 Bxd4+ 57. Bxd4 Qxd4+ 58. Qf2 Qd1+ 59.
Qf1 Qg4+ 60. Kf2) 54. Kf1 $4 {[%eval -272,0] Blunder. Qg3 was best.} (54. Qg3)
54... Qd3+ {[%eval -274,0]} 55. Kg1 {[%eval -284,0]} Qd1+ {[%eval -268,0]} 56.
Qf1 {[%eval -282,0]} Qg4+ {[%eval -286,0]} 57. Kh1 {[%eval -281,0]} Qe4+ {
[%eval -112,0]} 58. Kg1 {[%eval -264,0]} Bxd4+ {[%eval -273,0]} 59. Bxd4 {
[%eval -277,0]} Qxd4+ {[%eval -285,0]} 60. Qf2 {[%eval -103,0]} Qd1+ {[%eval
-261,0]} 61. Qf1 {[%eval -292,0]} Qg4+ {[%eval -279,0]} 62. Kf2 {[%eval -274,0]
} Qf5+ {[%eval -102,0]} 63. Ke2 {[%eval -108,0]} Qc2+ {[%eval -101,0]} 64. Ke1
{[%eval -102,0]} Qb1+ {[%eval -108,0]} 65. Kf2 {[%eval -121,0]} Qc2+ $4 {
[%eval 72,0] Blunder. Qf5+ was best.} (65... Qf5+ 66. Ke1 Qe5+ 67. Kd1 Qa1+ 68.
Ke2 Qxa2+ 69. Ke3 Kg7 70. Qd3 Qxh2 71. Qd4+ f6 72. Qd7+) 66. Kg3 {[%eval 74,0]}
Qc3+ $6 {[%eval 0,0] Inaccuracy. f5 was best.} (66... f5 67. Qg1) 67. Qf3 {
[%eval 0,0]} Qxc5 {[%eval 0,0]} 68. Qxf7+ {[%eval 0,0]} Kh8 {[%eval 0,0]} 69.
Qxe6 {[%eval 0,0]} Qa3+ {[%eval 0,0]} 70. Kh4 {[%eval 0,0]} Kg7 {[%eval 0,0]}
71. Qe5+ {[%eval 0,0]} Kf7 {[%eval 2,0]} 72. Qf5+ {[%eval 0,0]} Ke7 {[%eval 0,
0]} 73. Qe5+ {[%eval 0,0]} Kf7 {[%eval 0,0]} 74. Qf5+ {[%eval 0,0]} Ke7 {
[%eval 0,0]} 75. Qe5+ {[%eval 0,0]} Kf7 76. Qf5+ 1/2-1/2

[Event "37th Reykjavik op"]
[Site "Reykjavik ISL"]
[Date "2024.03.15"]
[Round "1.43"]
[White "Katz, Alexander"]
[Black "Kolka, David"]
[WhiteElo "2418"]
[BlackElo "2030"]
[Result "1-0"]
[EventDate "2024.03.15"]
[PlyCount "153"]

1. e4 {[%eval 13,0]} c6 {[%eval 24,0]} 2. Nc3 {[%eval 34,0]} d5 {[%eval 24,0]}
3. Nf3 {[%eval 21,0]} Bg4 {[%eval 36,0]} 4. h3 {[%eval 27,0]} Bxf3 {[%eval 32,
0]} 5. Qxf3 {[%eval 21,0]} e6 {[%eval 33,0]} 6. d4 {[%eval 14,0]} Nf6 {[%eval
26,0]} 7. Bd3 {[%eval 0,0]} Be7 $6 {[%eval 78,0] Inaccuracy. dxe4 was best.} (
7... dxe4 8. Nxe4 Qxd4 9. c3 Qd8 10. O-O Nxe4 11. Bxe4 Bd6 12. Rd1) 8. Be3 {
[%eval 34,0]} Na6 {[%eval 68,0]} 9. a3 {[%eval 72,0]} Nc7 $6 {[%eval 147,0]
Inaccuracy. dxe4 was best.} (9... dxe4 10. Nxe4 Nc7 11. c4 Nxe4 12. Bxe4 O-O
13. O-O Ne8 14. Rad1 Nd6 15. Bd3 Bf6 16. Rfe1) 10. O-O $6 {[%eval 35,0]
Inaccuracy. e5 was best.} (10. e5 Nd7) 10... a6 $6 {[%eval 147,0] Inaccuracy.
dxe4 was best.} (10... dxe4 11. Nxe4 Nxe4 12. Qxe4 Nd5 13. Bd2 Nf6 14. Qe3 O-O
15. c4 Qc7 16. Rfe1 Rfd8 17. g3) 11. Rfe1 $6 {[%eval 5,0] Inaccuracy. e5 was
best.} (11. e5) 11... Nb5 $6 {[%eval 161,0] Inaccuracy. dxe4 was best.} (11...
dxe4) 12. e5 {[%eval 161,0]} Nd7 {[%eval 153,0]} 13. Nxb5 $6 {[%eval 89,0]
Inaccuracy. Ne2 was best.} (13. Ne2 c5 14. c3 Na7 15. Nf4 g6 16. g3 Nc6 17. b4
cxd4 18. cxd4 Qb6 19. Qg4 h5) 13... axb5 {[%eval 88,0]} 14. Qg4 {[%eval 94,0]}
g6 {[%eval 9,0]} 15. c3 {[%eval 88,0]} h5 {[%eval 98,0]} 16. Qd1 {[%eval 72,0]}
Nb6 {[%eval 68,0]} 17. Qc2 {[%eval 7,0]} Ra7 {[%eval 9,0]} 18. f4 $6 {[%eval 6,
0] Inaccuracy. b3 was best.} (18. b3 Qa8 19. Bc1 Kd7 20. Re3 Qf8 21. Rf3 Qg7
22. Rb1 g5 23. a4 g4 24. Rg3 bxa4) 18... Qa8 $6 {[%eval 63,0] Inaccuracy. Kd7
was best.} (18... Kd7 19. Ra2 Kc7 20. Rea1 Qd7 21. b3 Rha8 22. Bc1 Qd8 23. Qd1
Qf8 24. a4 bxa4 25. bxa4) 19. Rf1 {[%eval 68,0]} Nc4 {[%eval 7,0]} 20. Bf2 {
[%eval 52,0]} Qd8 {[%eval 82,0]} 21. a4 {[%eval 67,0]} Qa8 {[%eval 63,0]} 22.
b3 {[%eval 67,0]} Nb6 {[%eval 84,0]} 23. Bxg6 {[%eval 75,0]} bxa4 {[%eval 72,0]
} 24. Bd3 {[%eval 77,0]} axb3 {[%eval 63,0]} 25. Rxa7 {[%eval 46,0]} bxc2 {
[%eval 6,0]} 26. Rxa8+ {[%eval 51,0]} Nxa8 {[%eval 48,0]} 27. Bxc2 {[%eval 49,
0]} Nc7 {[%eval 6,0]} 28. Bd3 {[%eval 28,0]} h4 {[%eval 46,0]} 29. Ra1 {
[%eval 25,0]} Kd7 {[%eval 35,0]} 30. Ra7 {[%eval 28,0]} b5 {[%eval 24,0]} 31.
Kf1 {[%eval 0,0]} Rg8 $6 {[%eval 57,0] Inaccuracy. f5 was best.} (31... f5 32.
exf6 Bxf6 33. Ke2 Kc8 34. Kf3 Kb8 35. Ra3 Kb7 36. Bb1 Rf8 37. Kg4 Rh8 38. Kf3)
32. Be2 {[%eval 13,0]} Rb8 {[%eval 4,0]} 33. Bg4 {[%eval 2,0]} b4 {[%eval 6,0]}
34. cxb4 {[%eval 7,0]} Rxb4 {[%eval 9,0]} 35. f5 {[%eval 13,0]} Rb1+ {[%eval
32,0]} 36. Ke2 {[%eval 36,0]} Rb2+ {[%eval 46,0]} 37. Kf3 {[%eval 49,0]} c5 $6
{[%eval 116,0] Inaccuracy. Rb3+ was best.} (37... Rb3+ 38. Kf4 Rb2 39. Be1 Bb4
40. Bxh4 Bd2+ 41. Kf3 Rb3+ 42. Ke2 Bc3 43. fxe6+ fxe6 44. Bxe6+) 38. fxe6+ $2 {
[%eval 0,0] Mistake. f6 was best.} (38. f6 Rb3+) 38... fxe6 {[%eval 0,0]} 39.
Bxe6+ {[%eval 0,0]} Kc6 {[%eval 45,0]} 40. Rxc7+ {[%eval 0,0]} Kxc7 {[%eval 0,
0]} 41. Bxd5 {[%eval 0,0]} cxd4 {[%eval 0,0]} 42. Bxd4 {[%eval 0,0]} Rd2 {
[%eval 0,0]} 43. Ke4 {[%eval 0,0]} Rxg2 {[%eval 0,0]} 44. Be6 {[%eval 0,0]} Kd8
{[%eval 0,0]} 45. Kd5 {[%eval 0,0]} Rd2 {[%eval 0,0]} 46. Ke4 {[%eval 0,0]} Rg2
{[%eval 0,0]} 47. Kd5 {[%eval 0,0]} Bg5 {[%eval 0,0]} 48. Bb6+ {[%eval 0,0]}
Ke8 {[%eval 0,0]} 49. Bc5 {[%eval 0,0]} Rd2+ {[%eval 0,0]} 50. Ke4 {[%eval 0,0]
} Re2+ {[%eval 0,0]} 51. Kd5 {[%eval 1,0]} Bf4 {[%eval 0,0]} 52. Bd6 {[%eval 0,
0]} Rd2+ {[%eval 0,0]} 53. Ke4 {[%eval 0,0]} Bg3 {[%eval 0,0]} 54. Bg4 {
[%eval 0,0]} Ra2 {[%eval 0,0]} 55. Kf5 {[%eval 0,0]} Ra4 {[%eval 0,0]} 56. Be2
{[%eval 0,0]} Kd8 {[%eval 0,0]} 57. Ke6 {[%eval 0,0]} Ra7 {[%eval 0,0]} 58. Bg4
{[%eval 0,0]} Rg7 {[%eval 0,0]} 59. Bf5 {[%eval 0,0]} Ke8 {[%eval 0,0]} 60. Kf6
{[%eval 0,0]} Ra7 {[%eval 0,0]} 61. Bc5 {[%eval 0,0]} Rf7+ {[%eval 0,0]} 62.
Ke6 {[%eval 0,0]} Rg7 {[%eval 0,0]} 63. Bd6 {[%eval 0,0]} Bf4 {[%eval 0,0]} 64.
Kf6 {[%eval 0,0]} Rg1 {[%eval 0,0]} 65. Bg6+ {[%eval 0,0]} Kd7 {[%eval 0,0]}
66. Bf5+ {[%eval 0,0]} Kc6 {[%eval 0,0]} 67. Be4+ {[%eval 0,0]} Kb6 {[%eval 3,
0]} 68. Kf5 {[%eval 0,0]} Bh2 {[%eval 0,0]} 69. Be7 {[%eval 0,0]} Rf1+ {
[%eval 0,0]} 70. Ke6 {[%eval 0,0]} Rf4 {[%eval 6,0]} 71. Kd5 {[%eval 2,0]} Bg3
$4 {[%eval 271,0] Blunder. Kc7 was best.} (71... Kc7) 72. Bc5+ $4 {[%eval 6,0]
Blunder. e6 was best.} (72. e6 Kc7 73. Bg5 Rf8 74. e7 Rb8 75. Ke6 Rb5 76. Bf6
Rb8 77. Bg6 Rb6+ 78. Kf7 Rb8) 72... Kc7 {[%eval 14,0]} 73. Bd6+ {[%eval 0,0]}
Kd8 {[%eval 0,0]} 74. Bg6 {[%eval 0,0]} Ra4 {[%eval 0,0]} 75. Bc5 {[%eval 0,0]}
Ra5 {[%eval 0,0]} 76. e6 Rxc5+ 77. Kxc5 1-0

[Event "37th Reykjavik op"]
[Site "Reykjavik ISL"]
[Date "2024.03.15"]
[Round "1.44"]
[White "Arnalds, Stefan"]
[Black "Roberts, Tallulah"]
[WhiteElo "1876"]
[BlackElo "1671"]
[Result "1-0"]
[EventDate "2024.03.15"]
[PlyCount "73"]

1. d4 {[%eval 15,0]} d5 {[%eval 25,0]} 2. g3 {[%eval 0,0]} Nf6 {[%eval 0,0]} 3.
Nf3 {[%eval 0,0]} c5 {[%eval 8,0]} 4. Bg2 {[%eval 6,0]} Nc6 {[%eval 46,0]} 5.
O-O {[%eval 36,0]} cxd4 {[%eval 37,0]} 6. Nxd4 {[%eval 49,0]} e6 {[%eval 61,0]}
7. c4 {[%eval 52,0]} Be7 {[%eval 68,0]} 8. Nc3 {[%eval 59,0]} O-O {[%eval 59,0]
} 9. cxd5 {[%eval 59,0]} exd5 {[%eval 86,0]} 10. e3 $6 {[%eval 21,0]
Inaccuracy. Be3 was best.} (10. Be3) 10... Be6 {[%eval 66,0]} 11. b3 {[%eval
24,0]} Qd7 {[%eval 63,0]} 12. Nxe6 {[%eval 62,0]} fxe6 {[%eval 6,0]} 13. Bb2 {
[%eval 7,0]} Rad8 {[%eval 6,0]} 14. Ne2 {[%eval 61,0]} Ne8 {[%eval 89,0]} 15.
Qd2 {[%eval 74,0]} Bf6 {[%eval 66,0]} 16. Rad1 {[%eval 53,0]} Bxb2 {[%eval 7,0]
} 17. Qxb2 {[%eval 68,0]} Nf6 {[%eval 74,0]} 18. e4 {[%eval 65,0]} Qc7 $6 {
[%eval 125,0] Inaccuracy. Qe7 was best.} (18... Qe7 19. exd5 Nxd5 20. a3 Qf6
21. Qc2 h6 22. b4 Kh8 23. Qb3 a6 24. h3 b5 25. Bxd5) 19. exd5 {[%eval 87,0]}
exd5 $2 {[%eval 204,0] Mistake. Nxd5 was best.} (19... Nxd5 20. Rd2 Qa5 21. a3
Nf6 22. Rxd8 Rxd8 23. b4 Qf5 24. h3 e5 25. b5 Nd4 26. Nxd4) 20. Nf4 {[%eval
193,0]} Qf7 {[%eval 183,0]} 21. Rfe1 {[%eval 209,0]} Rd6 {[%eval 206,0]} 22. b4
{[%eval 202,0]} Rfd8 $6 {[%eval 300,0] Inaccuracy. g5 was best.} (22... g5 23.
Nd3 a6 24. a4 b5 25. Ne5 Qb7 26. Nxc6 Qxc6 27. axb5 axb5 28. Re5 h6 29. Rc1)
23. b5 $6 {[%eval 203,0] Inaccuracy. Bh3 was best.} (23. Bh3) 23... Ne7 {
[%eval 214,0]} 24. Re2 {[%eval 158,0]} Nc8 $2 {[%eval 316,0] Mistake. Ng6 was
best.} (24... Ng6 25. Nd3 Re6 26. Rc2 h6 27. a4 b6 28. Rdc1 Re7 29. Qd4 Kh8 30.
Nb4 Rde8 31. Qd1) 25. Rde1 {[%eval 339,0]} d4 {[%eval 407,0]} 26. Bh3 {[%eval
423,0]} Kh8 {[%eval 418,0]} 27. Ne6 {[%eval 388,0]} Re8 $6 {[%eval 508,0]
Inaccuracy. Rg8 was best.} (27... Rg8 28. Nxd4 Qh5 29. Bg2 Rd7 30. Nf3 Rgd8 31.
Ne5 Re7 32. Bf3 Qf5 33. Qb3 Ng8 34. Bd5) 28. Nxd4 $2 {[%eval 309,0] Mistake.
Ng5 was best.} (28. Ng5 Qf8 29. Rxe8 Nxe8 30. Qb3 Rf6 31. Qc2 g6 32. Qxc8 Ng7
33. Qc2 Qb4 34. Rd1 Rf8) 28... Rxe2 {[%eval 313,0]} 29. Rxe2 {[%eval 314,0]}
Nb6 {[%eval 309,0]} 30. Bg2 $6 {[%eval 214,0] Inaccuracy. Be6 was best.} (30.
Be6 Qh5 31. Qa3 Rd8 32. Qe7 Qe8 33. Qc5 Nbd7 34. Qc7 Qf8 35. Bf5 Nc5 36. Ne6
Nxe6) 30... Nc4 {[%eval 242,0]} 31. Qc3 {[%eval 254,0]} Rd7 $4 {[%eval 517,0]
Blunder. Qd7 was best.} (31... Qd7 32. Qxc4 Rxd4 33. Qc5 Rd1+ 34. Bf1 h6 35.
Re3 Qh3 36. Qc4 Qf5 37. Kg2 Rd2 38. Re2) 32. Nc2 $4 {[%eval 192,0] Blunder.
Bh3 was best.} (32. Bh3 Nd6 33. Bxd7 Qxd7 34. Qb3 Nde4 35. Nf3 h6 36. Kg2 Nc5
37. Qc4 Nfe4 38. Rxe4 Nxe4) 32... Nd6 {[%eval 221,0]} 33. Qe5 {[%eval 178,0]}
Rd8 $6 {[%eval 275,0] Inaccuracy. Qe8 was best.} (33... Qe8 34. Qxe8+ Ndxe8 35.
Ne3 g6 36. Rc2 Kg7 37. h4 b6 38. Rc3 Nd6 39. Bc6 Rc7 40. a4) 34. Ne3 $6 {
[%eval 201,0] Inaccuracy. Rd2 was best.} (34. Rd2 Qc7 35. Qf4 Rd7 36. Ne3 h6
37. Bh3 Rd8 38. Rd4 Qe7 39. Bf1 Nde4 40. Nf5 Qe8) 34... b6 $6 {[%eval 281,0]
Inaccuracy. Qe8 was best.} (34... Qe8 35. Qxe8+ Nfxe8 36. Rc2 g6 37. a4 Kg7 38.
Nd5 Rd7 39. b6 axb6 40. Nxb6 Re7 41. Kf1) 35. h3 $6 {[%eval 205,0] Inaccuracy.
Rd2 was best.} (35. Rd2 Qf8 36. h4 Nf7 37. Rxd8 Qxd8 38. Qe6 Qe8 39. Qc6 h6 40.
a4 h5 41. Bf3 Qe7) 35... Nc4 {[%eval 205,0]} 36. Nxc4 {[%eval 247,0]} Qxc4 {
[%eval 237,0]} 37. Kh2 {[%eval 206,0]} 1-0

[Event "37th Reykjavik op"]
[Site "Reykjavik ISL"]
[Date "2024.03.15"]
[Round "1.45"]
[White "Kazarian, Anna-Maja"]
[Black "Thorsteinsdottir, Hallgerdur"]
[WhiteElo "2206"]
[BlackElo "1953"]
[Result "1-0"]
[EventDate "2024.03.15"]
[PlyCount "39"]

1. e4 {[%eval 13,0]} c6 {[%eval 24,0]} 2. d4 {[%eval 28,0]} d5 {[%eval 31,0]}
3. f3 {[%eval 0,0]} dxe4 {[%eval 29,0]} 4. fxe4 {[%eval 14,0]} e5 {[%eval 52,0]
} 5. Nf3 {[%eval 11,0]} Bg4 {[%eval 11,0]} 6. c3 {[%eval 2,0]} Nd7 {[%eval 33,
0]} 7. Bc4 {[%eval 0,0]} b5 {[%eval 38,0]} 8. Bb3 {[%eval 11,0]} Ngf6 {[%eval
4,0]} 9. O-O {[%eval 9,0]} Bd6 {[%eval 4,0]} 10. Qe1 {[%eval 16,0]} O-O {
[%eval 1,0]} 11. Qh4 {[%eval 37,0]} Qb6 {[%eval 14,0]} 12. Be3 {[%eval 19,0]}
Bh5 {[%eval 2,0]} 13. Nbd2 {[%eval 9,0]} Bg6 {[%eval 0,0]} 14. Rae1 {[%eval 17,
0]} Qc7 {[%eval 11,0]} 15. Bg5 {[%eval 11,0]} h6 $4 {[%eval 221,0] Blunder.
Rae8 was best.} (15... Rae8 16. dxe5) 16. Bxh6 {[%eval 215,0]} gxh6 $4 {
[%eval 515,0] Blunder. a5 was best.} (16... a5) 17. Qxh6 {[%eval 599,0]} Bh7 {
[%eval 662,0]} 18. Ng5 {[%eval 624,0]} Be7 {[%eval 788,0]} 19. Rxf6 {[%eval
631,0]} Nxf6 {[%eval 32756,0]} 20. Rf1 {[%eval 32758,0]} 1-0

[Event "37th Reykjavik op"]
[Site "Reykjavik ISL"]
[Date "2024.03.15"]
[Round "1.50"]
[White "Throstur, Thorhallsson"]
[Black "Gudmundsson, Gunnar Erik"]
[WhiteElo "2388"]
[BlackElo "2009"]
[Result "1-0"]
[EventDate "2024.03.15"]
[PlyCount "69"]

1. e4 e6 2. d4 d5 3. Nc3 Bb4 4. Nge2 dxe4 5. a3 Bxc3+ 6. Nxc3 Nc6 7. Bb5 Nge7
8. Nxe4 Qd5 9. Qd3 f5 10. Ng3 O-O 11. Ne2 Qxg2 12. Rg1 Qe4 13. Qg3 Ng6 14. c3
e5 15. Bd3 Qh4 16. Qg2 Qf6 17. Bc4+ Kh8 18. Bg5 Qd6 19. O-O-O f4 20. dxe5 Qxe5
21. Nd4 Nxd4 22. Rxd4 c6 23. h4 f3 24. Qf1 Be6 25. h5 Nf4 26. Rxf4 Rxf4 27.
Bxe6 Re4 28. Bc4 Re8 29. h6 g6 30. Qd3 Re1+ 31. Rxe1 Qxe1+ 32. Kc2 Qxf2+ 33.
Kb3 Qb6+ 34. Ka2 c5 35. Qxf3 1-0

[Event "37th Reykjavik op"]
[Site "Reykjavik ISL"]
[Date "2024.03.15"]
[Round "1.57"]
[White "Ostensson, Julia"]
[Black "Heimisson, Hilmir Freyr"]
[WhiteElo "1996"]
[BlackElo "2355"]
[Result "0-1"]
[EventDate "2024.03.15"]
[PlyCount "72"]

1. e4 c5 2. Nf3 d6 3. Bb5+ Nd7 4. c3 Ngf6 5. Qe2 a6 6. Ba4 b5 7. Bc2 Bb7 8. d4
g6 9. O-O Bg7 10. Re1 O-O 11. a4 Qb6 12. Na3 e5 13. d5 c4 14. Be3 Nc5 15. Nd2
Nfd7 16. f3 Rfb8 17. Reb1 Bc8 18. Qf2 Qd8 19. Kh1 Qf8 20. g3 f5 21. Qg1 Nf6 22.
axb5 axb5 23. Rf1 Bd7 24. Rae1 Na4 25. Bxa4 Rxa4 26. Nc2 Ra2 27. Rb1 Qc8 28.
Nb4 Raa8 29. Ra1 fxe4 30. Rxa8 Rxa8 31. Nxe4 Nxe4 32. fxe4 Bh3 33. Rf2 Qg4 34.
Qb1 Bh6 35. Nc2 Qxe4+ 36. Kg1 Bxe3 0-1

[Event "37th Reykjavik op"]
[Site "Reykjavik ISL"]
[Date "2024.03.15"]
[Round "1.142"]
[White "Owen, Garth I"]
[Black "Saemundsson, Thor"]
[WhiteElo "1834"]
[BlackElo "1626"]
[Result "1/2-1/2"]
[EventDate "2024.03.15"]
[PlyCount "62"]

1. c4 b6 2. Nc3 e6 3. e4 Bb7 4. d4 Bb4 5. Bd3 f5 6. d5 Nf6 7. Bg5 fxe4 8. Bxe4
O-O 9. Nge2 exd5 10. Bxd5+ Bxd5 11. cxd5 Qe8 12. Bxf6 Rxf6 13. O-O Na6 14. a3
Bd6 15. g3 Nc5 16. Qc2 Qh5 17. b4 Qh3 18. f4 Rh6 19. Rf2 Nb7 20. Nd4 Rf8 21.
Re1 Qg4 22. Qe2 Qxe2 23. Rexe2 Rg6 24. Kf1 h5 25. Nf3 c6 26. Ne5 Bxe5 27. Rxe5
h4 28. dxc6 dxc6 29. Ne4 hxg3 30. hxg3 Nd6 31. Nxd6 Rxd6 1/2-1/2

[Event "37th Reykjavik op"]
[Site "Reykjavik ISL"]
[Date "2024.03.15"]
[Round "1.151"]
[White "Oskarsson, Markus Orri"]
[Black "Vatneodegard, Marie"]
[WhiteElo "1816"]
[BlackElo "1575"]
[Result "1-0"]
[EventDate "2024.03.15"]
[PlyCount "53"]

1. d4 d5 2. Nc3 Nf6 3. Bf4 e6 4. Nb5 Bb4+ 5. c3 Ba5 6. e3 c6 7. Nd6+ Ke7 8. Qb3
Nbd7 9. Qa3 c5 10. dxc5 Bc7 11. c6 Bxd6 12. Bxd6+ Ke8 13. c7 Qxc7 14. Bxc7 Ne4
15. Bb5 b6 16. Bc6 Nec5 17. Bxa8 Nd3+ 18. Ke2 N3c5 19. Bd6 Ba6+ 20. Kd1 Ne4 21.
Qxa6 Nxd6 22. Bc6 Ke7 23. Bxd7 Kxd7 24. Qxa7+ Kc6 25. Nf3 f6 26. Nd4+ Kc5 27.
Qc7# 1-0